<?xml version="1.0" encoding="UTF-8"?>
<record
    xmlns:xsi="http://www.w3.org/2001/XMLSchema-instance"
    xsi:schemaLocation="http://www.loc.gov/MARC21/slim http://www.loc.gov/standards/marcxml/schema/MARC21slim.xsd"
    xmlns="http://www.loc.gov/MARC21/slim">

  <leader>01815nam a22002417a 4500</leader>
  <controlfield tag="003">DO-SdBNP</controlfield>
  <controlfield tag="005">20230831113651.0</controlfield>
  <controlfield tag="006">a||||gr|||| 00| 0 </controlfield>
  <controlfield tag="007">ta</controlfield>
  <controlfield tag="008">230830t2001    dr  h||| |||| 00| 0 spa d</controlfield>
  <datafield tag="040" ind1=" " ind2=" ">
    <subfield code="a">DO-SdBNP</subfield>
    <subfield code="b">spa</subfield>
    <subfield code="c">BNPHU</subfield>
    <subfield code="e">rda</subfield>
  </datafield>
  <datafield tag="082" ind1=" " ind2="4">
    <subfield code="2">22</subfield>
    <subfield code="b">B253c</subfield>
  </datafield>
  <datafield tag="245" ind1="1" ind2="3">
    <subfield code="a">La c&#xE1;mara de cuentas:</subfield>
    <subfield code="b">historia y legislaci&#xF3;n. comentarios. /</subfield>
    <subfield code="c">Juan Barjan Mufdi </subfield>
  </datafield>
  <datafield tag="264" ind1=" " ind2=" ">
    <subfield code="a">Santo Domingo :</subfield>
    <subfield code="b">Amigo del Hogar,</subfield>
    <subfield code="c">2001</subfield>
  </datafield>
  <datafield tag="300" ind1=" " ind2=" ">
    <subfield code="a">144 p&#xE1;ginas :</subfield>
    <subfield code="b">Ilustraciones, facs&#xED;mil ;</subfield>
    <subfield code="c">21 cm.</subfield>
  </datafield>
  <datafield tag="336" ind1=" " ind2=" ">
    <subfield code="2">rdacontent</subfield>
    <subfield code="a">texto</subfield>
    <subfield code="b">txt</subfield>
  </datafield>
  <datafield tag="337" ind1=" " ind2=" ">
    <subfield code="2">rdamedia</subfield>
    <subfield code="a">sin mediaci&#xF3;n</subfield>
    <subfield code="b">n</subfield>
  </datafield>
  <datafield tag="338" ind1=" " ind2=" ">
    <subfield code="2">rdacarrier</subfield>
    <subfield code="a">volumen</subfield>
    <subfield code="b">nc</subfield>
  </datafield>
  <datafield tag="504" ind1=" " ind2=" ">
    <subfield code="a">Bibliograf&#xED;a: 137 - 138 p&#xE1;ginas.</subfield>
  </datafield>
  <datafield tag="505" ind1=" " ind2=" ">
    <subfield code="a">Introducci&#xF3;n.</subfield>
    <subfield code="t">Recuento hist&#xF3;rico sobre el origen de la Corte de Cuentas o C&#xE1;mara de Cuentas, o Tribunal de Cuentas. Legislaci&#xF3;n. Francia 1800.-- Historia documental sobre la C&#xE1;mara de Cuentas, Rep&#xFA;blica Dominicana.-- Los miembros del consejo administrativo. Creaci&#xF3;n de la C&#xE1;mara de Cuentas. Sus atribuciones. Sus trabajos iniciales.-- El gobierno constitucional luego dela ocupaci&#xF3;n. Disposiciones legales y sustracci&#xF3;n de fondos p&#xFA;blicos.-- La C&#xE1;mara de Cuentas y el control o fiscalizaci&#xF3;n de la gesti&#xF3;n econ&#xF3;mica del Estado. Historia, estructura y funcionamiento.--</subfield>
    <subfield code="t">Los Estados Democr&#xE1;ticos y funci&#xF3;n de los tribunales o c&#xE1;maras de cuentas.-- El Tribunal de cuentas en la comunidad econ&#xF3;mica europea.-- Declaraci&#xF3;n de Lima sobre las l&#xED;neas b&#xE1;sicas de la fiscalizaci&#xF3;n.-- Organismos Internacionales que Integran las entidades fiscalizadoras superiores (ILACIF).-- Legislaci&#xF3;n.-- La funci&#xF3;n de los tribunales o c&#xE1;maras de cuentas en un Estado de Derecho o sociedad Democr&#xE1;tica.-- Cometarios y Conclusiones.-- Bibliograf&#xED;a.-- Anexos.</subfield>
  </datafield>
  <datafield tag="590" ind1=" " ind2=" ">
    <subfield code="a">Inventariado 2023 / MF</subfield>
  </datafield>
  <datafield tag="942" ind1=" " ind2=" ">
    <subfield code="2">ddc</subfield>
    <subfield code="c">LBS1</subfield>
  </datafield>
  <datafield tag="952" ind1=" " ind2=" ">
    <subfield code="0">0</subfield>
    <subfield code="1">0</subfield>
    <subfield code="2">ddc</subfield>
    <subfield code="5">1</subfield>
    <subfield code="7">0</subfield>
    <subfield code="8">PD</subfield>
    <subfield code="a">BNPHU</subfield>
    <subfield code="b">BNPHU</subfield>
    <subfield code="c">CT</subfield>
    <subfield code="d">2012-05-19</subfield>
    <subfield code="e">Donado por Ubi Rivas</subfield>
    <subfield code="l">0</subfield>
    <subfield code="o">Amigo del Hogar, 2001</subfield>
    <subfield code="p">2023-5566</subfield>
    <subfield code="r">2023-08-30</subfield>
    <subfield code="w">2023-08-30</subfield>
    <subfield code="y">LBS1</subfield>
    <subfield code="z">Ejemplar autografiado por el autor</subfield>
  </datafield>
  <datafield tag="999" ind1=" " ind2=" ">
    <subfield code="c">54572</subfield>
    <subfield code="d">54572</subfield>
  </datafield>
</record>
